ひたち・ときわが停まったことのある駅 - Statistics

General Stats
  • This quiz has been taken 483 times
  • The average score is 30 of 36
Answer Stats
駅名 % Correct
東京
99%
品川
98%
上野
98%
土浦
97%
水戸
97%
96%
仙台
95%
いわき
94%
日立
91%
日暮里
90%
勝田
90%
高萩
88%
牛久
87%
友部
87%
ひたち野うしく
86%
原ノ町
86%
偕楽園
85%
岩沼
84%
石岡
83%
龍ヶ崎市(佐貫)
81%
東海
81%
勿来
81%
相馬
80%
双葉
78%
大甕
77%
77%
浪江
77%
荒川沖
76%
常陸多賀
75%
湯本
74%
赤塚
72%
富岡
68%
亘理
68%
磯原
65%
広野
64%
大野
61%
No matching quizzes found
Score Distribution
Percent of People with Each Score
Percentile by Number Answered
Your Score History
You have not taken this quiz